| 000 | 01095am a2200385a 44500 | ||
|---|---|---|---|
| 003 | AR-BaBNM | ||
| 005 | 20251128203413.0 | ||
| 008 | 227019s1946 #AR|||||||||||000 | spa|| | ||
| 040 | _cAR-BaBNM | ||
| 100 | 1 | _aSolari, Gioele | |
| 245 | 1 | 0 |
_aFilosofía del derecho privado _bla idea individual _n1 |
| 260 |
_aBuenos Aires _bDepalma _c1946 |
||
| 300 | _axxv, 449 p. | ||
| 500 | _aContiene prefacio del autor a esta edición | ||
| 500 | _aIndice p. xvii-xxv | ||
| 504 | _aBibliografía consultada, a pie de página | ||
| 600 | 1 | 4 | _aSpinoza, Baruch de |
| 600 | 1 | 4 | _aKant, Immanuel |
| 600 | 1 | 4 | _aMontesquieu, Charles-Louis de Secondat |
| 600 | 1 | 4 | _aRousseau, Jean-Jacques |
| 600 | 1 | 4 | _aBentham, Jeremy |
| 650 | 4 | _aFILOSOFIA DEL DERECHO | |
| 650 | 4 | _aHISTORIA DEL DERECHO | |
| 650 | 4 | _aDERECHO CIVIL | |
| 650 | 4 | _aDERECHO NATURAL | |
| 650 | 4 | _aDERECHO CIVIL | |
| 650 | 4 | _aSIGLO DIECISIETE | |
| 650 | 4 | _aSIGLO DIECIOCHO | |
| 651 | 4 | _aReino Unido | |
| 651 | 4 | _aFrancia | |
| 651 | 4 | _aAlemania | |
| 700 | 1 |
_aTreves, Renato _eprologuista |
|
| 942 | _cBK | ||
| 998 | _cAndrea | ||
| 999 |
_c3232 _d3232 |
||